000 01243cam a22003737a 4500
003 CHAP
005 20220817042916.0
008 971013s1978 r 00010 d
010 _a59605
011 _a60577
035 _a64739
040 _cCHAP
090 _aFolleto 7322Y (1978)
100 0 0 _aLeón, Carlos de.
_966216
245 0 _aEnfermedades del maíz
_b: una guía para su identificación en el campo
250 _a2 ed.
260 _aMéxico :
_bCentro Internacional de Mejoramiento de Maíz y Trigo,
_c1978
300 _a92 p.
_b: ilus.
410 _aCIMMYT
490 0 _aBoletín de información
_v; 11
590 _aBATCH-UPD
_b10
_c20130110
_lUCH01
_h0300
590 _aBATCH-UPD
_b10
_c20130110
_lUCH01
_h2129
590 _aBATCH-UPD
_b10
_c20130409
_lUCH01
_h2331
590 _aBATCH-UPD
_b10
_c20130410
_lUCH01
_h1439
590 _aBATCH-UPD
_b10
_c20130914
_lUCH01
_h0757
590 _aCONVERSION
_b10
_c20130109
_lUCH01
_h1332
650 1 4 _aMaíz
_xEnfermedades.
_970939
710 0 _aCentro Internacional de Mejoramiento de Maíz y Trigo.
810 _aCIMMYT
_923309
830 0 _aBoletín de información
_v; 11
901 _aBK
942 _cFOLL
949 _aFolleto 7322Y (1978)
_bBC
_cFOLL
_d-141656
_eTS1
_i64739
_mD
_si
999 _c59605
_d59605